[Event "25th Hoogeveen op"]
[Site "Hoogeveen NED"]
[Date "2022.10.16"]
[Round "2.14"]
[White "Boeren, Jurriaan"]
[Black "Holinka, Henning"]
[Result "0-1"]
[WhiteElo "1987"]
[BlackElo "2245"]
[EventDate "2022.10.15"]
[PlyCount "74"]

1.e4 c5 2.Nf3 d6 3.d4 cxd4 4.Nxd4 Nf6 5.Nc3 a6 6.h3 e5 7.Nde2 h5 8.Bg5 Be6
9.Bxf6 Qxf6 10.Nd5 Qd8 11.Qd3 Nd7 12.O-O-O g6 13.Kb1 Nc5 14.Qf3 Bg7 15.
Nec3 b5 16.a3 O-O 17.Be2 Bd7 18.h4 Ne6 19.Qe3 Nd4 20.g4 Nxe2 21.Qxe2 Bxg4 
22.f3 Be6 23.Qf2 Kh7 24.Rd3 Qb8 25.Rhd1 Rd8 26.Nb4 Rd7 27.Nbd5 Rb7 28.Nb4 
a5 29.Nc6 Qc7 30.Rxd6 b4 31.Nd5 Bxd5 32.R1xd5 bxa3 33.b3 Bf8 34.Rf6 Ra6 
35.Nxe5 Rxf6 36.Nd7 Bg7 37.Nxf6+ Bxf6 0-1

[Event "25th Hoogeveen op"]
[Site "Hoogeveen NED"]
[Date "2022.10.16"]
[Round "2.15"]
[White "Hari, Charan Sai Kalluri"]
[Black "Mueer, Sebastian"]
[Result "1-0"]
[WhiteElo "1981"]
[BlackElo "2177"]
[EventDate "2022.10.15"]
[PlyCount "121"]

1.d4 Nf6 2.c4 e6 3.Nf3 d5 4.g3 dxc4 5.Bg2 Bb4+ 6.Bd2 a5 7.a3 Bxd2+ 8.Nbxd2
b5 9.b3 cxb3 10.Qxb3 c6 11.O-O O-O 12.Rfc1 a4 13.Qb2 Bb7 14.Ne5 Nd5 15.e4 
Nb6 16.Rc2 Qe7 17.Rac1 Rd8 18.Nd3 N8d7 19.Nb4 Nb8 20.e5 Nd5 21.Ne4 Nxb4 
22.axb4 a3 23.Qc3 Na6 24.Nd6 Rxd6 25.exd6 Qxd6 26.Rb1 Nxb4 27.Rd2 Nd5 28.
Qb3 h6 29.Ra2 Ra4 30.Rba1 Nb6 31.Rxa3 Qxd4 32.h4 Rb4 33.Qf3 Ra4 34.Rd1 
Rxa3 35.Rxd4 Rxf3 36.Rd8+ Kh7 37.Bxf3 Nc4 38.g4 Kg6 39.Be4+ Kf6 40.Rd7 Na5
41.f4 g6 42.g5+ hxg5 43.fxg5+ Kg7 44.Kf2 b4 45.Ke1 b3 46.Kd1 e5 47.h5 gxh5
48.g6 b2 49.Rxf7+ Kg8 50.Kc2 Nc4 51.Rxb7 b1=Q+ 52.Rxb1 Na3+ 53.Kd2 Nxb1+ 
54.Bxb1 Kg7 55.Ke2 c5 56.Kf2 c4 57.Kg3 c3 58.Kh4 Kf6 59.Kxh5 Ke6 60.g7 Kf7
61.Kh6 1-0

[Event "25th Hoogeveen op"]
[Site "Hoogeveen NED"]
[Date "2022.10.16"]
[Round "2.16"]
[White "Duchene, Rene"]
[Black "Hoffman, Ron"]
[Result "1/2-1/2"]
[WhiteElo "2170"]
[BlackElo "1988"]
[EventDate "2022.10.15"]
[PlyCount "120"]

1.Nf3 g6 2.c4 Bg7 3.d4 d6 4.Nc3 Nf6 5.e3 O-O 6.Be2 Bf5 7.O-O Ne4 8.Nxe4 
Bxe4 9.Ng5 Bc6 10.d5 Bd7 11.e4 a5 12.Qc2 Na6 13.Be3 Nc5 14.f4 c6 15.Rae1 
cxd5 16.cxd5 Rc8 17.Qb1 Qb6 18.b3 Qb4 19.Kh1 h6 20.Bxc5 Qxc5 21.Nf3 Qc2 
22.Bd3 Qxb1 23.Rxb1 Rc3 24.Rfd1 Rfc8 25.Kg1 b5 26.Kf1 b4 27.Ke2 e6 28.dxe6
Bxe6 29.h3 a4 30.bxa4 Ra3 31.Rxb4 Bc3 32.Rb6 Rxa4 33.Rxd6 Rxa2+ 34.Kf1 Bb4
35.Ra6 Rxa6 36.Bxa6 Rc2 37.Bd3 Rb2 38.Rb1 Rxb1+ 39.Bxb1 Bc4+ 40.Kf2 Bc5+ 
41.Kg3 Kg7 42.Ne5 Bb3 43.Bd3 f6 44.Nf3 g5 45.e5 gxf4+ 46.Kxf4 fxe5+ 47.
Kxe5 Be7 48.Be4 Bf7 49.Bf5 Bd8 50.Ke4 Be8 51.Ne5 Bf6 52.g3 Bxe5 53.Kxe5 
Bb5 54.h4 Be2 55.Be4 Bd1 56.Kf4 Bh5 57.Bf3 Be8 58.Bg4 Bg6 59.Bd7 Bh5 60.
Be6 Bd1 1/2-1/2

[Event "25th Hoogeveen op"]
[Site "Hoogeveen NED"]
[Date "2022.10.16"]
[Round "2.17"]
[White "Sevcikova, Lucia"]
[Black "Cornelisse, John"]
[Result "1-0"]
[WhiteElo "1931"]
[BlackElo "2160"]
[EventDate "2022.10.15"]
[PlyCount "55"]

1.d4 Nf6 2.c4 e6 3.Nc3 Bb4 4.Nf3 d5 5.cxd5 exd5 6.Bf4 Ne4 7.Rc1 Qe7 8.Nd2 
Nxc3 9.bxc3 Ba3 10.Rb1 O-O 11.e3 g5 12.Bg3 f5 13.Be5 Nc6 14.f4 Nxe5 15.
fxe5 f4 16.e4 f3 17.gxf3 g4 18.h4 gxf3 19.Kf2 Rf4 20.exd5 Rxh4 21.Bc4 Kh8 
22.e6 Bd6 23.Nxf3 Rg4 24.Qd3 c5 25.Rbg1 Rxg1 26.Rxg1 a6 27.Ng5 Qf6+ 28.Ke2
1-0

[Event "25th Hoogeveen op"]
[Site "Hoogeveen NED"]
[Date "2022.10.16"]
[Round "2.18"]
[White "Janse, Jan Jaap"]
[Black "Reulink, Fred"]
[Result "1/2-1/2"]
[WhiteElo "2159"]
[BlackElo "1983"]
[EventDate "2022.10.15"]
[PlyCount "171"]

1.b3 b6 2.Bb2 Bb7 3.e3 e6 4.f4 d5 5.Nf3 Nd7 6.Be2 Ne7 7.O-O Nf5 8.Qe1 h5 
9.Bd3 Nd6 10.Ne5 Nc5 11.Be2 Be7 12.a4 a6 13.b4 Nce4 14.d3 Nf6 15.Bf3 h4 
16.Nd2 Rg8 17.Nb3 Nd7 18.Bg4 g6 19.Rd1 f5 20.Bf3 Nf7 21.e4 Ndxe5 22.Bxe5 
Nxe5 23.fxe5 Qd7 24.exf5 gxf5 25.Bh5+ Kd8 26.Nd4 h3 27.g3 c5 28.Bf7 cxd4 
29.Bxg8 Bg5 30.Qe2 Qe8 31.Bh7 Be3+ 32.Kh1 Qf7 33.Bxf5 exf5 34.e6 Qxe6 35.
Qh5 Bc8 36.Qxh3 Ra7 37.Rde1 Re7 38.Rf3 Qg6 39.c3 Bd2 40.Rxe7 Kxe7 41.cxd4 
Qg4 42.Qf1 Bxb4 43.Rf4 Qg6 44.Qc1 Qe6 45.Rf2 Bd7 46.Kg2 Qf6 47.Qc7 Qd6 48.
Re2+ Kf7 49.Qb7 a5 50.Rf2 Kf6 51.Qa8 Be6 52.Qh8+ Ke7 53.Rc2 Qd7 54.Qb8 Bd6
55.Qh8 Qe8 56.Qh6 Qg8 57.Kf2 Qf7 58.Rc6 Kd7 59.Rxb6 Bc7 60.Rb7 f4 61.g4 
Bxg4 62.Qg5 Be6 63.Qe5 Kd8 64.Qh8+ Kd7 65.Qb8 Kc6 66.Qa7 f3 67.Qa6+ Kd7 
68.Qb5+ Kd8 69.Qc6 Bc8 70.Rb5 Be6 71.Rc5 Bxh2 72.Qb6+ Ke7 73.Qa7+ Kf6 74.
Qxa5 Qg7 75.Qd8+ Kf5 76.Rxd5+ Bxd5 77.Qxd5+ Kf6 78.Qxf3+ Ke6 79.Qh3+ Kd5 
80.Qxh2 Qxd4+ 81.Kg2 Qb2+ 82.Kh1 Qc1+ 83.Qg1 Qh6+ 84.Kg2 Qg5+ 85.Kf2 Qd2+ 
86.Kf3 1/2-1/2

[Event "25th Hoogeveen op"]
[Site "Hoogeveen NED"]
[Date "2022.10.16"]
[Round "2.19"]
[White "Krylov, Philippe"]
[Black "Mellema, Andries"]
[Result "0-1"]
[WhiteElo "1609"]
[BlackElo "2155"]
[EventDate "2022.10.15"]
[PlyCount "62"]

1.d4 Nf6 2.c4 c5 3.d5 b5 4.cxb5 a6 5.bxa6 g6 6.Nc3 Bxa6 7.e4 Bxf1 8.Kxf1 
d6 9.Nf3 Nbd7 10.g3 Bg7 11.Kg2 O-O 12.a4 Qb6 13.Qe2 Rfb8 14.Nb5 Ne8 15.Nd2
Nc7 16.Nc4 Qb7 17.Nxc7 Qxc7 18.Qc2 Ne5 19.Nxe5 Bxe5 20.Rb1 Qb7 21.b3 Rxa4 
22.Bf4 Rb4 23.Bxe5 dxe5 24.Qxc5 Rxe4 25.Qc6 Qb4 26.Rhe1 Rxe1 27.Rxe1 Qxe1 
28.d6 exd6 29.Qxd6 Qe4+ 30.Kh3 Rxb3 31.f4 Qf5+ 0-1

[Event "25th Hoogeveen op"]
[Site "Hoogeveen NED"]
[Date "2022.10.16"]
[Round "2.20"]
[White "Heemskerk, Wim"]
[Black "Mol, Christiaan"]
[Result "1-0"]
[WhiteElo "2142"]
[BlackElo "1961"]
[EventDate "2022.10.15"]
[PlyCount "99"]

1.Nf3 Nf6 2.g3 g6 3.c4 Bg7 4.Bg2 d6 5.d4 c6 6.Nc3 O-O 7.O-O Nbd7 8.e4 e5 
9.h3 Re8 10.Re1 exd4 11.Nxd4 Qb6 12.Nb3 Ne5 13.Be3 Qc7 14.Bf1 Be6 15.Nd2 
d5 16.cxd5 cxd5 17.Nb5 Qd7 18.f4 Nc6 19.e5 Nh5 20.Kh2 Bh6 21.Nf3 Bf8 22.
Nbd4 Ng7 23.Rc1 Nxd4 24.Nxd4 a6 25.Bg2 Rac8 26.Qb3 b5 27.Bf1 Rxc1 28.Rxc1 
Rc8 29.Rxc8 Qxc8 30.a4 b4 31.Qc2 Qxc2+ 32.Nxc2 Nf5 33.Bb6 b3 34.Nd4 Nxd4 
35.Bxd4 Bd7 36.Bxa6 Bxa4 37.Bb7 Bg7 38.Bxd5 Kf8 39.Kg2 Ke8 40.Kf3 h5 41.g4
Ke7 42.gxh5 gxh5 43.Ke4 f6 44.Kf5 fxe5 45.fxe5 Bd7+ 46.Kg6 Bh8 47.h4 Be6 
48.Bxe6 Kxe6 49.Kxh5 Kf5 50.e6 1-0

[Event "25th Hoogeveen op"]
[Site "Hoogeveen NED"]
[Date "2022.10.16"]
[Round "2.21"]
[White "Shakhverdian, William"]
[Black "Koes, Richard"]
[Result "1-0"]
[WhiteElo "2123"]
[BlackElo "1755"]
[EventDate "2022.10.15"]
[PlyCount "81"]

1.d4 Nf6 2.c4 e5 3.dxe5 Ng4 4.e4 Nxe5 5.a3 a5 6.f4 Ng6 7.Be3 Na6 8.Nc3 Bc5
9.Qd2 d6 10.Bd3 Bxe3 11.Qxe3 Nc5 12.Bc2 O-O 13.O-O-O f5 14.e5 Be6 15.Qd4 
Ne4 16.Nxe4 fxe4 17.Bxe4 Nxf4 18.g3 Ng6 19.exd6 Qg5+ 20.Kb1 cxd6 21.Nf3 
Qc5 22.Qxc5 dxc5 23.Ng5 Bxc4 24.h4 Ne5 25.Bxh7+ Kh8 26.Bc2 Rad8 27.Rxd8 
Rxd8 28.h5 Ng4 29.Rh4 Rf8 30.b3 Be2 31.Ne6 Rf1+ 32.Kb2 b6 33.Nf4 Bf3 34.
Ng6+ Kg8 35.Bf5 Rf2+ 36.Kc3 Nf6 37.Be6+ Kh7 38.Nf4 Ne4+ 39.Kd3 Nxg3 40.Ke3
Rf1 41.Rh3 1-0

[Event "25th Hoogeveen op"]
[Site "Hoogeveen NED"]
[Date "2022.10.16"]
[Round "2.23"]
[White "Hummel, Paul"]
[Black "Oosterhuis, Arend"]
[Result "1-0"]
[WhiteElo "2120"]
[BlackElo "1010"]
[EventDate "2022.10.15"]
[PlyCount "47"]

1.e4 e5 2.Nf3 Nc6 3.Bc4 Nf6 4.Ng5 d5 5.exd5 Nxd5 6.Nxf7 Kxf7 7.Qf3+ Ke6 8.
Nc3 Nd4 9.Bxd5+ Kd6 10.Qd3 Bf5 11.Be4 Bxe4 12.Nxe4+ Kd7 13.c3 Kc8 14.cxd4 
exd4 15.O-O h5 16.Qh3+ Kb8 17.d3 Bd6 18.Bg5 Be7 19.Bxe7 Qxe7 20.Rfe1 Qb4 
21.Rac1 Qxb2 22.Qd7 Rc8 23.Nd6 Qb6 24.Qxc8# 1-0

[Event "25th Hoogeveen op"]
[Site "Hoogeveen NED"]
[Date "2022.10.16"]
[Round "2.24"]
[White "Van den Berg, Bram"]
[Black "Van der Vegt, Seth"]
[Result "1-0"]
[WhiteElo "2190"]
[BlackElo "1900"]
[EventDate "2022.10.15"]
[PlyCount "71"]

1.e4 e6 2.d4 b6 3.Bd3 Bb7 4.Nf3 d5 5.exd5 Qxd5 6.O-O Nf6 7.c4 Qh5 8.Be2 g5
9.Ne5 g4 10.Nxg4 Nxg4 11.Bxg4 Qg6 12.Bf3 Nc6 13.Qa4 e5 14.d5 e4 15.Re1 f5 
16.dxc6 Bxc6 17.Qd1 h5 18.g3 Bd6 19.c5 bxc5 20.Bg2 O-O-O 21.Qb3 h4 22.Nd2 
hxg3 23.hxg3 Be5 24.Nc4 Bd4 25.Bf4 Rdg8 26.Ne5 Qf6 27.Nxc6 Qxc6 28.Red1 
Qb6 29.Qd5 Rf8 30.Rxd4 cxd4 31.Rc1 Rh7 32.Bh3 Rhf7 33.Qxe4 Qxb2 34.Bxf5+ 
Rxf5 35.Rxc7+ Kd8 36.Qe7# 1-0

[Event "25th Hoogeveen op"]
[Site "Hoogeveen NED"]
[Date "2022.10.16"]
[Round "2.25"]
[White "Goeke, Bernd"]
[Black "Vogel, Jaap"]
[Result "1/2-1/2"]
[WhiteElo "1957"]
[BlackElo "2124"]
[EventDate "2022.10.15"]
[PlyCount "53"]

1.Nf3 d5 2.d4 c6 3.c4 e6 4.Nc3 f5 5.g3 Nf6 6.Bg2 Bd6 7.O-O O-O 8.b3 Nbd7 
9.Bb2 Qe7 10.Qc2 Ne4 11.Rac1 Nxc3 12.Qxc3 f4 13.Ne5 Bb4 14.Qd3 Nxe5 15.
dxe5 Bd7 16.a3 Bxa3 17.Bxa3 Qxa3 18.cxd5 cxd5 19.Bxd5 Rad8 20.Be4 h6 21.
Rfd1 Qa5 22.Qc3 Qxc3 23.Rxc3 fxg3 24.Rxg3 Bb5 25.Rxd8 Rxd8 26.Bxb7 Bxe2 
27.Re3 1/2-1/2

[Event "25th Hoogeveen op"]
[Site "Hoogeveen NED"]
[Date "2022.10.16"]
[Round "2.26"]
[White "Van Foreest, Machteld"]
[Black "Zecha, Oscar"]
[Result "1-0"]
[WhiteElo "2118"]
[BlackElo "1854"]
[EventDate "2022.10.15"]
[PlyCount "93"]

1.e4 e5 2.Nf3 Nc6 3.Bc4 Bc5 4.c3 Nf6 5.d3 d6 6.Bb3 a6 7.O-O O-O 8.h3 Ba7 
9.Re1 h6 10.Nbd2 Re8 11.Nf1 Be6 12.Ng3 d5 13.Qe2 Qd7 14.Bd2 Rad8 15.Rad1 
b5 16.Bc1 Qc8 17.Qc2 dxe4 18.dxe4 Bxb3 19.Qxb3 Na5 20.Qc2 Nc4 21.Nf5 Nd6 
22.Nxd6 cxd6 23.Be3 Bxe3 24.Rxe3 Qc6 25.Qe2 Re6 26.Ne1 d5 27.Nc2 Qc7 28.
exd5 Rxd5 29.Red3 Rdd6 30.Qd2 Rxd3 31.Qxd3 Ne8 32.Qe4 g6 33.Nb4 Kg7 34.Qa8
a5 35.Nd5 Qd7 36.Ne3 Qc7 37.Qd5 Qb6 38.c4 Nc7 39.Qd7 bxc4 40.Nxc4 Qc5 41.
Nd6 Qc2 42.Nxf7 Re7 43.Qxe7 Qxd1+ 44.Kh2 Nd5 45.Qd7 Kf6 46.Nxh6 Qd2 47.
Ng8+ 1-0

[Event "25th Hoogeveen op"]
[Site "Hoogeveen NED"]
[Date "2022.10.16"]
[Round "2.27"]
[White "Valiente, Paulo"]
[Black "Fuhrmann, Bahne"]
[Result "0-1"]
[WhiteElo "1819"]
[BlackElo "2063"]
[EventDate "2022.10.15"]
[PlyCount "98"]

1.d4 Nf6 2.c4 g6 3.Nc3 d5 4.Nf3 Bg7 5.Bg5 Ne4 6.Bh4 Nxc3 7.bxc3 c5 8.e3 
O-O 9.Be2 Qa5 10.O-O dxc4 11.Bxe7 Re8 12.Bxc5 Be6 13.Ng5 Nd7 14.Nxe6 Rxe6 
15.Bb4 Qc7 16.Bf3 a5 17.Ba3 Rb8 18.Rb1 b5 19.e4 Reb6 20.e5 b4 21.cxb4 axb4
22.Bc1 b3 23.axb3 Rxb3 24.Rxb3 cxb3 25.Be4 b2 26.Be3 Rb4 27.Bb1 Nb6 28.Qd2
Nd5 29.g3 Qc4 30.Bd3 Qb3 31.h4 Nxe3 32.Qxe3 Bh6 33.Qe4 Qc3 34.Qa8+ Bf8 35.
e6 Qxd3 36.e7 Qxf1+ 37.Kxf1 b1=Q+ 38.Kg2 Rb8 39.e8=Q Rxe8 40.Qxe8 Qb7+ 41.
Kg1 Qd5 42.Qa4 h5 43.Qa7 Bg7 44.Qb8+ Kh7 45.Qf4 Bxd4 46.g4 Be5 47.Qg5 Qd1+
48.Kg2 Qxg4+ 49.Qxg4 hxg4 0-1

[Event "25th Hoogeveen op"]
[Site "Hoogeveen NED"]
[Date "2022.10.16"]
[Round "2.28"]
[White "Mader, Fabian"]
[Black "Klaren, Duncan"]
[Result "0-1"]
[WhiteElo "1735"]
[BlackElo "2009"]
[EventDate "2022.10.15"]
[PlyCount "62"]

1.e4 c5 2.Nf3 d6 3.Bb5+ Nd7 4.O-O a6 5.Bd3 Ngf6 6.c3 b5 7.Bc2 c4 8.d4 cxd3
9.Bxd3 Bb7 10.Re1 Nc5 11.Qc2 e6 12.Bg5 Be7 13.Nbd2 h6 14.Be3 Nfd7 15.Rad1 
O-O 16.Nb3 Nxd3 17.Qxd3 f5 18.Nbd2 f4 19.Nd4 fxe3 20.Rxe3 Nc5 21.Qe2 Bg5 
22.Rf3 Qe7 23.Rxf8+ Rxf8 24.f3 Nd7 25.N2b3 Nb6 26.Na5 Ba8 27.Nc2 d5 28.e5 
Qc7 29.Nd4 Nd7 30.Nab3 Qb6 31.Kh1 Bf4 0-1

[Event "25th Hoogeveen op"]
[Site "Hoogeveen NED"]
[Date "2022.10.16"]
[Round "2.29"]
[White "Clemens, Adrian"]
[Black "Selten, Ton"]
[Result "1-0"]
[WhiteElo "2082"]
[BlackElo "1809"]
[EventDate "2022.10.15"]
[PlyCount "89"]

1.d4 Nf6 2.c4 g6 3.Nc3 Bg7 4.e4 d6 5.h3 O-O 6.Be3 c5 7.d5 b5 8.cxb5 a6 9.
Nf3 Nbd7 10.bxa6 Bxa6 11.Bxa6 Rxa6 12.O-O Qb6 13.Qc2 Rb8 14.Rab1 Qc7 15.b3
Nb6 16.a4 Nfd7 17.Nb5 Qd8 18.Na3 Ra7 19.Rfc1 Rc8 20.Qd3 Rca8 21.Qe2 Ra6 
22.Bd2 R6a7 23.h4 h5 24.a5 Ne5 25.Nxe5 Bxe5 26.Nb5 Rb7 27.axb6 Qxb6 28.Nc3
Ra3 29.g3 Rxb3 30.Rxb3 Qxb3 31.Rb1 Qxb1+ 32.Nxb1 Rxb1+ 33.Kg2 Rb2 34.Qe1 
Rc2 35.Qd1 Rc4 36.Qb1 Kg7 37.Kf3 Ra4 38.Qb3 Rd4 39.Qc2 Kh7 40.Kg2 Bf6 41.
f3 e6 42.dxe6 fxe6 43.Qa2 Rd3 44.Bf4 d5 45.Qa7+ 1-0

[Event "25th Hoogeveen op"]
[Site "Hoogeveen NED"]
[Date "2022.10.16"]
[Round "2.30"]
[White "Uneken, Bert"]
[Black "Bollaart, Jeroen"]
[Result "1/2-1/2"]
[WhiteElo "1803"]
[BlackElo "1937"]
[EventDate "2022.10.15"]
[PlyCount "66"]

1.e4 g6 2.d4 Bg7 3.Nf3 d6 4.c3 Nf6 5.Bd3 O-O 6.O-O Nc6 7.h3 e5 8.Be3 Re8 
9.Nbd2 d5 10.dxe5 Nxe5 11.Nxe5 Rxe5 12.Bd4 Re8 13.exd5 Nxd5 14.Bxg7 Kxg7 
15.Re1 Nf4 16.Rxe8 Qxe8 17.Bc4 b5 18.Qf3 Bb7 19.Qxb7 bxc4 20.Qxc7 Nd3 21.
Qxc4 Nxb2 22.Qd4+ Kg8 23.Ne4 Qd8 24.Qxd8+ Rxd8 25.Rb1 Nc4 26.Rb7 a5 27.Rc7
Rd1+ 28.Kh2 Nd2 29.Nxd2 Rxd2 30.Ra7 Rxa2 31.Kg3 a4 32.c4 a3 33.c5 Rc2 
1/2-1/2

[Event "25th Hoogeveen op"]
[Site "Hoogeveen NED"]
[Date "2022.10.16"]
[Round "2.31"]
[White "Boersma, Jan"]
[Black "Spaans, Leo"]
[Result "1-0"]
[WhiteElo "1930"]
[BlackElo "1791"]
[EventDate "2022.10.15"]
[PlyCount "63"]

1.e4 e5 2.Nf3 Nc6 3.Nc3 Nf6 4.Bb5 Nd4 5.O-O Nxb5 6.Nxb5 c6 7.Nc3 Qc7 8.d4 
d6 9.h3 h6 10.a4 Be7 11.Be3 O-O 12.Qd2 Re8 13.a5 Bf8 14.Rfe1 Bd7 15.Qd3 
Rad8 16.dxe5 dxe5 17.Bxa7 Bc8 18.Bb6 Rxd3 19.Bxc7 Rxf3 20.gxf3 Bxh3 21.Kh2
Bc8 22.Na4 Nd7 23.Red1 Nc5 24.Rd8 Rxd8 25.Bxd8 Ne6 26.Bb6 Nd4 27.Rd1 Nxf3+
28.Kg3 Nd4 29.c3 Ne6 30.Be3 Ng5 31.Bxg5 hxg5 32.Rd8 1-0

[Event "25th Hoogeveen op"]
[Site "Hoogeveen NED"]
[Date "2022.10.16"]
[Round "2.32"]
[White "Kompaan, Rick"]
[Black "Lootsma, Jan"]
[Result "1/2-1/2"]
[WhiteElo "1785"]
[BlackElo "1928"]
[EventDate "2022.10.15"]
[PlyCount "133"]

1.d4 e6 2.c4 d5 3.g3 Nf6 4.Bg2 Be7 5.Nf3 b6 6.cxd5 exd5 7.O-O Bb7 8.Nc3 
Nbd7 9.Bf4 a6 10.Qb3 c5 11.dxc5 Nxc5 12.Qd1 O-O 13.Nd4 Qd7 14.Bg5 Rfd8 15.
e3 h6 16.Bxf6 Bxf6 17.Qd2 b5 18.Rac1 Rac8 19.Nce2 Ne4 20.Qb4 Rc4 21.Rxc4 
dxc4 22.a4 Be7 23.Qa5 Nd6 24.Qb6 Bxg2 25.Kxg2 bxa4 26.Nc6 Rc8 27.Nxe7+ 
Qxe7 28.Nc3 Qb7+ 29.Qxb7 Nxb7 30.Nxa4 Rd8 31.Rc1 Na5 32.Rc2 Rb8 33.Nc5 Rb6
34.Kf3 Rc6 35.Ne4 Kf8 36.Rc3 Ke7 37.Nd2 Kd6 38.Ra3 Nb7 39.Ra4 Kd5 40.Ke2 
Nd6 41.f3 Rb6 42.e4+ Kc5 43.e5 Kb5 44.Ra3 Nf5 45.Ne4 Kc6 46.Ra2 Kd5 47.Nd2
Nd4+ 48.Kd1 Nc6 49.f4 Nb4 50.Ra5+ Rb5 51.Rxb5+ axb5 52.Nb1 Nd3 53.Nc3+ Kc6
54.Kc2 Nc5 55.Na2 Nd3 56.Nc3 Ne1+ 57.Kd1 Nf3 58.h3 Nd4 59.Ne4 Kd5 60.Nd6 
f6 61.exf6 gxf6 62.Ne8 Ke6 63.Kd2 Ke7 64.Nc7 Kd6 65.Ne8+ Ke7 66.Nc7 Kd6 
67.Ne8+ 1/2-1/2

[Event "25th Hoogeveen op"]
[Site "Hoogeveen NED"]
[Date "2022.10.16"]
[Round "2.33"]
[White "Kumar, Sanjit S"]
[Black "Snuverink, Marc"]
[Result "0-1"]
[WhiteElo "1923"]
[BlackElo "1776"]
[EventDate "2022.10.15"]
[PlyCount "42"]

1.d4 Nf6 2.c4 e5 3.dxe5 Ng4 4.Nf3 Bc5 5.e3 Nc6 6.Be2 O-O 7.a3 a5 8.b3 
Ngxe5 9.Bb2 Re8 10.O-O Ra6 11.Qd5 Qe7 12.Bd4 Nxf3+ 13.Bxf3 Nxd4 14.exd4 
Ba7 15.c5 Rh6 16.g3 d6 17.b4 c6 18.Qc4 Bh3 19.Rd1 Qe1+ 20.Qf1 Bxf1 21.Rxe1
Rxe1 0-1

[Event "25th Hoogeveen op"]
[Site "Hoogeveen NED"]
[Date "2022.10.16"]
[Round "2.34"]
[White "Storkebaum, Ulrike"]
[Black "Bloem, Mark"]
[Result "0-1"]
[WhiteElo "1768"]
[BlackElo "1917"]
[EventDate "2022.10.15"]
[PlyCount "100"]

1.e4 c5 2.Nf3 e6 3.d4 cxd4 4.Nxd4 Nc6 5.Nc3 Qc7 6.Be2 a6 7.Be3 b5 8.O-O 
Bb7 9.Nxc6 Qxc6 10.Bd3 Nf6 11.f3 Bc5 12.Qd2 e5 13.Qf2 Rc8 14.Bxc5 Qxc5 15.
Qxc5 Rxc5 16.a4 b4 17.Ne2 a5 18.g4 h5 19.g5 Nh7 20.h4 f6 21.gxf6 Nxf6 22.
c3 bxc3 23.Nxc3 Ke7 24.Kf2 Rf8 25.Ke2 d5 26.Rg1 Rf7 27.Rg5 dxe4 28.Nxe4 
Nxe4 29.fxe4 Bc8 30.Rg3 Bg4+ 31.Ke3 Kd6 32.Rb1 Rb7 33.Rg2 Rb3 34.Rd2 Ke7 
35.Kf2 Rb4 36.Rc2 Rxc2+ 37.Bxc2 Rc4 38.Rc1 Bd7 39.b3 Rc3 40.Ke2 Rh3 41.Rg1
Bg4+ 42.Kd2 Rxh4 43.b4 axb4 44.a5 Rh2+ 45.Kc1 Rh3 46.Bd1 Ra3 47.Kb2 Bxd1 
48.Rxd1 Rxa5 49.Kb3 Ra7 50.Kxb4 Rd7 0-1

[Event "25th Hoogeveen op"]
[Site "Hoogeveen NED"]
[Date "2022.10.16"]
[Round "2.35"]
[White "Ten Ham, John"]
[Black "Cuyvers, Jens"]
[Result "1/2-1/2"]
[WhiteElo "1910"]
[BlackElo "1765"]
[EventDate "2022.10.15"]
[PlyCount "63"]

1.d4 d5 2.c4 e6 3.Nc3 a6 4.e3 dxc4 5.Bxc4 c5 6.dxc5 Qxd1+ 7.Nxd1 Bxc5 8.
Nf3 Nf6 9.O-O b5 10.Be2 Bb7 11.Bd2 Ne4 12.Rc1 Nxd2 13.Nxd2 Nd7 14.Bf3 Bxf3
15.Nxf3 Ke7 16.Nc3 Rac8 17.Rfd1 Bb4 18.Ne2 f6 19.a3 Ba5 20.Ned4 Nb8 21.Kf1
g6 22.g4 g5 23.h4 h6 24.Ke2 Bb6 25.hxg5 hxg5 26.Rxc8 Rxc8 27.Rh1 Bxd4 28.
Nxd4 Nc6 29.Rh7+ Kd6 30.Nxc6 Rxc6 31.Kd2 Ke5 32.f3 1/2-1/2

[Event "25th Hoogeveen op"]
[Site "Hoogeveen NED"]
[Date "2022.10.16"]
[Round "2.36"]
[White "Avis, Fred"]
[Black "Huo, Da"]
[Result "1-0"]
[WhiteElo "1759"]
[BlackElo "1909"]
[EventDate "2022.10.15"]
[PlyCount "85"]

1.d4 Nf6 2.Bg5 e6 3.Nd2 h6 4.Bh4 d5 5.e3 Be7 6.c3 Nbd7 7.f4 b6 8.Ngf3 Bb7 
9.Ne5 Nxe5 10.dxe5 Ne4 11.Bxe7 Qxe7 12.Nxe4 dxe4 13.Qa4+ Kf8 14.O-O-O Qc5 
15.Rd4 g6 16.Be2 Kg7 17.Rhd1 Bd5 18.Kb1 a6 19.g4 b5 20.Qc2 Qe7 21.f5 Qg5 
22.fxe6 Bxe6 23.Qxe4 h5 24.h3 hxg4 25.hxg4 c5 26.Rd6 Qe7 27.Qf3 Ra7 28.Rf1
Rc8 29.Rh1 Rg8 30.Qf4 Kf8 31.Bf3 a5 32.Qh6+ Ke8 33.Rhd1 f6 34.Bc6+ Kf7 35.
Rxe6 Kxe6 36.Bd5+ Kd7 37.Bxg8+ Kc7 38.Qxg6 Qxe5 39.Qd3 Kc6 40.Bd5+ Kb6 41.
Be4 Re7 42.Qd8+ Ka7 43.Rd7+ 1-0

[Event "25th Hoogeveen op"]
[Site "Hoogeveen NED"]
[Date "2022.10.16"]
[Round "2.37"]
[White "Aravindhan, Achyuth"]
[Black "Kazarjan, Gachatur"]
[Result "0-1"]
[WhiteElo "1907"]
[BlackElo "1746"]
[EventDate "2022.10.15"]
[PlyCount "122"]

1.e4 d5 2.exd5 Nf6 3.d4 Bg4 4.Be2 Bxe2 5.Nxe2 Qxd5 6.O-O Nc6 7.b3 O-O-O 8.
c4 Qf5 9.Nbc3 e6 10.Be3 h5 11.Qb1 Qa5 12.a3 h4 13.c5 Qa6 14.b4 Qc4 15.b5 
Nxd4 16.Nxd4 Rxd4 17.Bxd4 Qxd4 18.Qc2 h3 19.g3 Bxc5 20.Rad1 Qg4 21.Rd3 Nd7
22.Qe2 Qf5 23.Qe4 Bxa3 24.Rf3 Qh5 25.Ne2 Nf6 26.Qd3 Bc5 27.Nf4 Qg4 28.Rd1 
e5 29.Nd5 e4 30.Nxf6 gxf6 31.Rf4 exd3 32.Rxg4 Re8 33.Kf1 Rd8 34.Rh4 Bb6 
35.Rxh3 Ba5 36.Rh4 d2 37.Re4 Rd5 38.h4 Rxb5 39.g4 f5 40.gxf5 Rxf5 41.Kg2 
c5 42.Ra4 Bb4 43.Rxa7 b5 44.Rda1 c4 45.R1a6 Bc5 46.Rc6+ Kb8 47.Rac7 Bb6 
48.Rd7 Ba5 49.Ra6 c3 50.Rxa5 c2 51.Ra6 c1=Q 52.Rb6+ Kc8 53.Rbd6 Rc5 54.
Rxd2 Qc4 55.R7d4 Qe6 56.Rd8+ Kc7 57.R8d4 Rc4 58.Rd5 Qg4+ 59.Kh2 Qxh4+ 60.
Kg2 Qg4+ 61.Kh2 Rc6 0-1

[Event "25th Hoogeveen op"]
[Site "Hoogeveen NED"]
[Date "2022.10.16"]
[Round "2.38"]
[White "Van Heeren, Arie"]
[Black "Van T Hoff, Tom"]
[Result "0-1"]
[WhiteElo "1755"]
[BlackElo "1905"]
[EventDate "2022.10.15"]
[PlyCount "104"]

1.e4 c5 2.Nf3 Nc6 3.d4 cxd4 4.Nxd4 Nf6 5.Nc3 e5 6.Ndb5 d6 7.Bg5 a6 8.Na3 
b5 9.Nd5 Be7 10.Nxe7 Qxe7 11.c4 b4 12.Nc2 O-O 13.Be2 Bb7 14.Bf3 a5 15.O-O 
h6 16.Bxf6 Qxf6 17.Qd3 Nb8 18.Rfd1 Rd8 19.Ne3 Na6 20.Nd5 Bxd5 21.cxd5 Nc5 
22.Qe3 a4 23.Rac1 Qe7 24.Be2 Rdb8 25.Bc4 Qd7 26.Qe2 g6 27.f3 f5 28.g4 fxg4
29.fxg4 Rf8 30.Rf1 Qe7 31.Bd3 Qg5 32.Bb1 b3 33.a3 h5 34.h3 Qh4 35.Qg2 hxg4
36.Qxg4 Qxg4+ 37.hxg4 Kg7 38.g5 Rh8 39.Rf6 Rh5 40.Rf2 Rxg5+ 41.Rg2 Rxg2+ 
42.Kxg2 Rf8 43.Re1 Rf4 44.Re3 g5 45.Re2 Kf6 46.Re3 g4 47.Kg3 Kg5 48.Kg2 
Kh4 49.Re1 g3 50.Rh1+ Kg4 51.Rh8 Rf2+ 52.Kg1 Rxb2 0-1

[Event "25th Hoogeveen op"]
[Site "Hoogeveen NED"]
[Date "2022.10.16"]
[Round "2.39"]
[White "Hanna-Matrr, David"]
[Black "Warnk, Torsten"]
[Result "0-1"]
[WhiteElo "1904"]
[BlackElo "1709"]
[EventDate "2022.10.15"]
[PlyCount "30"]

1.e4 e6 2.d3 d5 3.Qe2 dxe4 4.dxe4 b6 5.Nf3 Ba6 6.c4 Bb4+ 7.Nbd2 Nc6 8.g3 
Nd4 9.Nxd4 Qxd4 10.Rb1 Rd8 11.b3 Bb7 12.Bg2 Nf6 13.O-O Bxd2 14.Rd1 Nxe4 
15.Bxe4 Qxe4 0-1

[Event "25th Hoogeveen op"]
[Site "Hoogeveen NED"]
[Date "2022.10.16"]
[Round "2.40"]
[White "Wolters, Vincent"]
[Black "Goudriaan, Rafael"]
[Result "0-1"]
[WhiteElo "1882"]
[BlackElo "1654"]
[EventDate "2022.10.15"]
[PlyCount "74"]

1.e4 c6 2.d4 d5 3.Nc3 dxe4 4.Nxe4 Nf6 5.Nxf6+ exf6 6.Nf3 Bd6 7.Be3 O-O 8.
Be2 Re8 9.O-O Nd7 10.d5 cxd5 11.Qxd5 Nb6 12.Qa5 Bg4 13.Bb5 Nd5 14.Qa4 Rxe3
15.Qxg4 Re6 16.Bc4 Bc5 17.Rad1 Rd6 18.Qe4 Ne7 19.Rxd6 Qxd6 20.Bb3 Nc6 21.
c3 Qe7 22.Qf5 Re8 23.h3 g6 24.Qd5 Rd8 25.Qc4 Na5 26.Qa4 Nxb3 27.Qxb3 Qe2 
28.Nd4 Qe4 29.Rd1 Kg7 30.Ne6+ Qxe6 31.Rxd8 Qe1+ 32.Kh2 Bxf2 33.h4 Qg1+ 34.
Kh3 Qh1+ 35.Kg4 Qxg2+ 36.Kf4 Qg3+ 37.Ke4 Qe3+ 0-1

[Event "25th Hoogeveen op"]
[Site "Hoogeveen NED"]
[Date "2022.10.16"]
[Round "2.41"]
[White "Winkel, Ruud"]
[Black "Van de Poel, Taco"]
[Result "0-1"]
[WhiteElo "1663"]
[BlackElo "1881"]
[EventDate "2022.10.15"]
[PlyCount "112"]

1.f4 Nf6 2.Nf3 c5 3.e3 g6 4.c3 Bg7 5.d4 O-O 6.Bd3 d5 7.Nbd2 b6 8.O-O Bb7 
9.Ne5 Ne4 10.Nxe4 dxe4 11.Bc4 Qc7 12.Qb3 e6 13.Bd2 Nc6 14.Nxc6 Qxc6 15.Bb5
Qd6 16.Rad1 a6 17.Be2 Rfd8 18.Be1 Qc7 19.g4 cxd4 20.cxd4 Bd5 21.Qc3 Qd7 
22.Qd2 Bxa2 23.Bh4 Rdc8 24.Rc1 b5 25.Rxc8+ Rxc8 26.Qa5 Rc2 27.Bxb5 axb5 
28.Qxa2 Bxd4 29.exd4 Qxd4+ 30.Bf2 e3 31.Qa8+ Kg7 32.Qf3 exf2+ 33.Kg2 Rxb2 
34.f5 exf5 35.gxf5 Qf6 36.Rxf2 Rxf2+ 37.Qxf2 Qxf5 38.Qd4+ f6 39.Qa7+ Kh6 
40.Qb6 g5 41.h3 Qd5+ 42.Kg3 Kg6 43.Qf2 Qe4 44.Qa2 Qc4 45.Qa8 Qe6 46.Qb7 
Qe3+ 47.Kg2 Qd2+ 48.Kg3 Qf4+ 49.Kg2 b4 50.Qd5 Qe5 51.Qg8+ Kf5 52.Qxh7+ Kf4
53.Kf1 b3 54.Qa7 Qb5+ 55.Kf2 b2 56.Qe3+ Kf5 0-1